| 000 | 01399nam0a2200325 4500 | ||
|---|---|---|---|
| 001 | RU\NLR\BIBL_A\011165984 | ||
| 005 | 20250625212345.0 | ||
| 010 |
_bВ пер. _d3 р. 20 к. _930000 |
||
| 021 |
_aRU _b67-101691 |
||
| 035 | _a(NLR Aleph) 011165984 | ||
| 090 |
_a11741945 _c11741945 |
||
| 100 | _a20160624d1967 |||y0rusy50 ca | ||
| 101 | 0 | _arus | |
| 102 | _aRU | ||
| 105 | _aa z 000zb | ||
| 200 | 1 |
_aФилипп Андреевич Малявин, 1869-1940 _eжизнь и творчество _fО.А. Живова |
|
| 210 |
_a[Москва _c"Искусство" _d1967] |
||
| 215 |
_a295 с. _cил. _d26 |
||
| 300 | _aНа обложке автор не указан | ||
| 320 | _aБиблиогр.: с. 290-291 | ||
| 540 | 1 |
_aМалявин Филипп Андреевич, 1869-1940 _eжизнь и творчество |
|
| 600 | 1 |
_aМалявин _bФ.А. _f1869 - 1940 _gФилипп Андреевич _91066765 _3RU\NLR\AUTH\66414793 |
|
| 686 | _aЩ143(2Р=Рус)53-8Малявин | ||
| 700 | 1 |
_aЖивова _bО. А. _gОлимпиада Алексеевна |
|
| 702 | 1 |
_4570 _7ca _8rus _aМалявин _bФ. А. _f1869-1940 _gФилипп Андреевич _9252197 _3RU\NLR\AUTH\770252253 |
|
| 852 |
_aNLR _j68-7/37 |
||
| 942 | _cBOOK | ||
| 980 | _aNB | ||